| 000 | 01210nam a22003378a 4500 | ||
|---|---|---|---|
| 001 | 016020182 | ||
| 003 | Uk | ||
| 005 | 20130203132543.0 | ||
| 008 | 120123r20122010mdu 001 0 eng|d | ||
| 020 | _a1421405776 (pbk.) | ||
| 020 | _a9781421405773 (pbk.) | ||
| 082 | 0 | 4 |
_a322.1 _223 _bHIB |
| 100 | 1 |
_aHibbard, Scott W., _d1962- _932046 |
|
| 245 | 1 | 0 |
_aReligious Politics and Secular States : _bEgypt, India and the United States / _cScott W. Hibbard. |
| 260 |
_aBaltimore, Md. ; _aLondon : _bJohns Hopkins University Press, _c2012. |
||
| 263 | _a201204 | ||
| 300 | _a1 v. | ||
| 500 | _aOriginally published: 2010. | ||
| 504 | _aIncludes bibliographical references and index. | ||
| 650 | 0 |
_aReligion and politics _zEgypt. _932047 |
|
| 650 | 0 |
_aReligion and politics _zIndia. _932048 |
|
| 650 | 0 |
_aReligion and politics _zUnited States. _932049 |
|
| 650 | 0 |
_aConservatism _zEgypt. _932050 |
|
| 650 | 0 |
_aConservatism _zIndia. _932051 |
|
| 650 | 0 |
_aConservatism _zUnited States. _911161 |
|
| 651 | 0 |
_aEgypt _xPolitics and government. _932346 |
|
| 651 | 0 |
_aIndia _xPolitics and government. _932347 |
|
| 651 | 0 |
_aUnited States _xPolitics and government. _932348 |
|
| 653 |
_bPol _cFebruary2013 |
||
| 942 |
_2ddc _cBB |
||
| 999 |
_c17212 _d17184 |
||